El papel de los militares : (Record no. 24301)
[ view plain ]
| 000 -CABECERA | |
|---|---|
| campo de control de longitud fija | 00736nam a2200217 a 4500 |
| 001 - NÚMERO DE CONTROL | |
| campo de control | 000024808 |
| 005 - FECHA Y HORA DE LA ÚLTIMA TRANSACCIÓN | |
| campo de control | 20240527201743.0 |
| 008 - DATOS DE LONGITUD FIJA--INFORMACIÓN GENERAL | |
| campo de control de longitud fija | 110204nuuuuuuuuve r 000 0 spa d |
| 040 ## - FUENTE DE LA CATALOGACIÓN | |
| Centro catalogador/agencia de origen | DO-SdBNP |
| Lengua de catalogación | spa |
| Centro/agencia transcriptor | BNPHU |
| 082 ## - NÚMERO DE LA CLASIFICACIÓN DECIMAL DEWEY | |
| Número de clasificación | 355.0213 |
| Número de documento/Ítem | S947p |
| 049 ## - FONDOS LOCALES (OCLC) | |
| Fondos de biblioteca | BNGR |
| 100 1# - ENTRADA PRINCIPAL--NOMBRE DE PERSONA | |
| Nombre de persona | Sugón, T. Arthur |
| 9 (RLIN) | 50910 |
| 245 13 - MENCIÓN DE TÍTULO | |
| Título | El papel de los militares : |
| Resto del título | el drama del hombre de uniforme en los países de América Latina / |
| Mención de responsabilidad, etc. | Arthur T. Sugón. |
| 260 ## - PUBLICACIÓN, DISTRIBUCIÓN, ETC. | |
| Lugar de publicación, distribución, etc. | [Venezuela] : |
| Nombre del editor, distribuidor, etc. | Centro de Estudios Latinoamericanos, |
| Fecha de publicación, distribución, etc. | [19?]. |
| 300 ## - DESCRIPCIÓN FÍSICA | |
| Extensión | 197 p. ; |
| Dimensiones | 18.5 cm. |
| 650 #4 - PUNTO DE ACCESO ADICIONAL DE MATERIA--TÉRMINO DE MATERIA | |
| Término de materia o nombre geográfico como elemento de entrada | Militarismo |
| 9 (RLIN) | 45782 |
| 650 #0 - PUNTO DE ACCESO ADICIONAL DE MATERIA--TÉRMINO DE MATERIA | |
| Término de materia o nombre geográfico como elemento de entrada | Imperialismo |
| 9 (RLIN) | 1499 |
| 650 #4 - PUNTO DE ACCESO ADICIONAL DE MATERIA--TÉRMINO DE MATERIA | |
| Término de materia o nombre geográfico como elemento de entrada | Política militar |
| 9 (RLIN) | 50911 |
| 650 #4 - PUNTO DE ACCESO ADICIONAL DE MATERIA--TÉRMINO DE MATERIA | |
| Término de materia o nombre geográfico como elemento de entrada | Ejercitos |
| 9 (RLIN) | 50912 |
| 710 1# - PUNTO DE ACCESO ADICIONAL--NOMBRE DE ENTIDAD CORPORATIVA | |
| Nombre de entidad corporativa o nombre de jurisdicción como elemento de entrada | Centro de Estudios Latinoamericanos |
| 9 (RLIN) | 50913 |
| Estado de retiro | Estado de pérdida | Restricciones de uso | No para préstamo | Código de colección | Localización permanente | Ubicación/localización actual | Ubicación en estantería | Fecha de adquisición | Número de inventario | Total de préstamos | Signatura topográfica completa | Código de barras | Fecha visto por última vez | Precio válido a partir de | Tipo de ítem Koha |
|---|---|---|---|---|---|---|---|---|---|---|---|---|---|---|---|
| Monografías: Libros y Folletos | General | General | En catalogación | 04.02.2011 | LF1 | 355.0213 S947p | 24808-10 | 25.06.2020 | 25.06.2020 | Préstamo en sala |
